<?xml version="1.0" encoding="UTF-8"?>
<record
    xmlns:xsi="http://www.w3.org/2001/XMLSchema-instance"
    xsi:schemaLocation="http://www.loc.gov/MARC21/slim http://www.loc.gov/standards/marcxml/schema/MARC21slim.xsd"
    xmlns="http://www.loc.gov/MARC21/slim">

  <leader>01154nab a22002297a 4500</leader>
  <controlfield tag="005">20150806121534.0</controlfield>
  <controlfield tag="008">150806b        xxu||||| |||| 00| 0 spa d</controlfield>
  <datafield tag="040" ind1=" " ind2=" ">
    <subfield code="a">CO-BoIAVH</subfield>
    <subfield code="c">CO-BoIAVH</subfield>
  </datafield>
  <datafield tag="041" ind1="0" ind2=" ">
    <subfield code="a">spa</subfield>
  </datafield>
  <datafield tag="044" ind1=" " ind2=" ">
    <subfield code="a">ck</subfield>
  </datafield>
  <datafield tag="100" ind1="1" ind2=" ">
    <subfield code="a">Herrera De MacBryde, Olga</subfield>
    <subfield code="9">36672</subfield>
  </datafield>
  <datafield tag="245" ind1="1" ind2=" ">
    <subfield code="a">500.000 envenenamientos por pesticidas</subfield>
  </datafield>
  <datafield tag="246" ind1="1" ind2=" ">
    <subfield code="a">500000 envenenamientos por pesticidas</subfield>
  </datafield>
  <datafield tag="260" ind1="3" ind2=" ">
    <subfield code="a">Ibagu&#xE9; (Colombia):</subfield>
    <subfield code="b">Centro de publicaciones Universidad del Tolima,</subfield>
    <subfield code="c">1980.</subfield>
  </datafield>
  <datafield tag="300" ind1=" " ind2=" ">
    <subfield code="a">Vol.3, Nro. 35, A&#xF1;o 1980, Pag. 1-2</subfield>
  </datafield>
  <datafield tag="505" ind1=" " ind2=" ">
    <subfield code="a">Incluye carta dirigida por la autora a el Grupo ecol&#xF3;gico de la Universidad del Tolima.
Incluye texto del d&#xED;a mundial del medio ambiente.</subfield>
  </datafield>
  <datafield tag="520" ind1=" " ind2=" ">
    <subfield code="a">Productos peligrosos tales como pesticidas y drogas deben ser sometidos a una serie de pruebas que indiquen  que ellos llegan a ciertos requisitos legales y que no atentan contra la salud del hombre.</subfield>
  </datafield>
  <datafield tag="650" ind1=" " ind2="6">
    <subfield code="a">Pesticidas</subfield>
    <subfield code="x">Efectos fisiol&#xF3;gicos</subfield>
    <subfield code="9">36675</subfield>
  </datafield>
  <datafield tag="650" ind1=" " ind2="6">
    <subfield code="a">Pesticidas</subfield>
    <subfield code="x">Toxicidad</subfield>
    <subfield code="9">36676</subfield>
  </datafield>
  <datafield tag="773" ind1="0" ind2=" ">
    <subfield code="a">Universidad del Tolima</subfield>
    <subfield code="d">Ibagu&#xE9; (Colombia): Centro de publicaciones de la Universidad del Tolima, 1977.</subfield>
    <subfield code="t">SOS ecol&#xF3;gico</subfield>
  </datafield>
  <datafield tag="942" ind1=" " ind2=" ">
    <subfield code="2">z</subfield>
    <subfield code="c">ARTICULO</subfield>
  </datafield>
  <datafield tag="999" ind1=" " ind2=" ">
    <subfield code="c">17654</subfield>
    <subfield code="d">17654</subfield>
  </datafield>
</record>
